| 000 | 00825cam a2200289 a 4500 | ||
|---|---|---|---|
| 001 | 3312998 | ||
| 003 | SISC | ||
| 005 | 20160404151903.0 | ||
| 008 | 840120s1984 nyu b 001 0 eng | ||
| 010 | _a 84001546 | ||
| 020 | _a0716716062 (pbk.) | ||
| 020 | _a0716716054 | ||
| 040 |
_aDLC _cDLC _dDLC |
||
| 050 | 0 | 0 |
_aHM 251 _b.Ar79 1984 |
| 082 | 0 | 0 |
_aHS 302 _bA79 1984 |
| 100 | 1 |
_aAronson, Elliot. _912496 |
|
| 245 | 1 | 4 |
_aThe social animal / _cElliot Aronson. |
| 250 | _a4th ed. | ||
| 260 |
_aNew York : _bW.H. Freeman, _cc1984. |
||
| 300 |
_a440 p. : _c24 cm. |
||
| 440 | 2 |
_aA Series of books in psychology _912497 |
|
| 500 | _aIncludes bibliographical references and indexes. | ||
| 650 | 0 |
_aSocial psychology. _911663 |
|
| 906 |
_a7 _bcbc _corignew _d1 _eocip _f19 _gy-gencatlg |
||
| 942 |
_2lcc _cBK |
||
| 999 |
_c9119 _d9119 |
||